000 01316nam a2200349 i 4500
003 EG-GICUC
005 20260409185743.0
008 260409s1969 be |||fr|||| 001 0 fre d
040 _aEG-GiCUC
_bfre
_cEG-GiCUC
_dEG-GiCUC
_eRda
041 _afre
082 0 4 _221
_a343.11228
_bVE . P
092 0 4 _221
099 _aLaw1 10 343.11228 VE . P 1969
100 1 _aVerhaegen, Jacques
_eAuteur
245 1 3 _aLa protection pénale contre les excès de pouvoir et la résistance légitime à l'autorité /
_cPar Jacques Verhaegen.
264 1 _aBruxelles :
_bÉtablissements Émile Bruylant,
_c1969.
300 _a502 pages ;
_c25 cm.
336 _2rda contenu
_a texte
337 _2rda medias
_aOrdinateur
338 _2 transporteur rda
_a Ressource en ligne
490 _aBibliothèque de la Faculté de droit de l'Université catholique de Louvain ;
_vV 5.
504 _aComprend des références bibliographiques : p (459-472) et un index.
546 _aTexte en français
650 1 _aDroit Pénal
650 1 _aDroit Pénal Général
650 1 _aالحماية الجنائية لمصالح أخرى
650 1 _aAbus de pouvoir administratif
650 1 _aInconduite au pouvoir
856 4 0 _uhttps://fll.law.cu.edu.eg/fulltext/bks/B10-08987.pdf
905 _a43
942 _2ddc
_n0
_cBK
_e21
999 _c69907
_d69907